VII Asamblea General del Consejo Internacional de las Ciencias Filosóficas y Humanísticas (Ciudad de México : 17-30 septiembre, 1963). (Registro nro. 437140)
[ vista simple ]
| 000 -LÍDER | |
|---|---|
| Campo fijo de descripción fija | 00796nam a22002057a 4500 |
| 003 - IDENTIFICADOR DEL NÚMERO DE CONTROL | |
| Campo de control | BCEG |
| 005 - FECHA Y HORA DE LA ULTIMA TRANSACCIÓN | |
| control field | 20260325162953.0 |
| 008 - ELEMENTOS DE LONGITUD FIJA -- INFORMACIÓN GENERAL | |
| Campo fijo de descripción fija -- Información general | 260325s1963 mx|||||| |||| 00| 0 spa d |
| 040 ## - FUENTE DE CATALOGACIÓN | |
| Agencia de catalogación original | BCEG |
| Idioma de catalogación | spa |
| Agencia que realiza la transcripción | BCEG |
| 082 04 - CLASIFICACIÓN | |
| Número de clasificación | WJ107 |
| Número de cutter | A798g |
| 245 00 - TÍTULO PROPIAMENTE DICHO | |
| Título | VII Asamblea General del Consejo Internacional de las Ciencias Filosóficas y Humanísticas (Ciudad de México : 17-30 septiembre, 1963). |
| 260 ## - PUBLICACIÓN, DISTRIBUCIÓN, ETC. (PIE DE IMPRENTA) | |
| Lugar de publicación, distribución, etc. | México : |
| Nombre del editor, distribuidor, etc. | s.n., |
| Fecha de publicación, distribución, etc. | 1963 |
| 300 ## - DESCRIPCIÓN FÍSICA | |
| Extensión | 23 p. |
| 506 ## - NOTA DE RESTRICCIONES DE ACCESO | |
| Términos que controlan el acceso | Para uso exclusivo en sala de Fondos Especiales; Requiere autorización para reproducción. |
| Autorización | Reglamento de la Sala de Fondos Especiales. |
| 535 ## - NOTA DE UBICACIÓN DE ORIGINALES | |
| Custodio | Disponible en Colección Wigberto Jiménez Moreno. |
| 650 14 - ASIENTO SECUNDARIO DE MATERIA - TERMINO TEMÁTICO | |
| Término temático o nombre geográfico como elemento de entrada | Filosofía |
| Subdivisión general | Enseñanza. |
| 650 14 - ASIENTO SECUNDARIO DE MATERIA - TERMINO TEMÁTICO | |
| Término temático o nombre geográfico como elemento de entrada | Educación superior |
| Subdivisión geográfica | México. |
| 700 1# - ASIENTO SECUNDARIO - NOMBRE PERSONAL | |
| Nombre personal | Uribe, Elena, |
| Función o responsabilidad del autor | coord. |
| 942 ## - TIPO DE MATERIAL (KOHA) | |
| Tipo de Item KOHA | Libro |
| No para Préstamo | Colección | Biblioteca de Origen | Biblioteca Permanente | Fecha de Adquisición | Total de Préstamos | Signatura Topográfica | Código de Barras | Última vez visto | Tipo de Material |
|---|---|---|---|---|---|---|---|---|---|
| Material en Reserva | Fondos Especiales | Biblioteca Central Estatal de Guanajuato, "Wigberto Jiménez Moreno" | Biblioteca Central Estatal de Guanajuato, "Wigberto Jiménez Moreno" | 25/03/2026 | WJ107 A798g | BCEG8655220909 | 25/03/2026 | Libro |